LIBRARY & INFORMATION CENTRE, KCAET, TAVANUR

ONLINE PUBLIC ACCESS CATALOGUE (OPAC)

Irrigation technology: Theory and practice / (Record no. 13090)

MARC details
000 -LEADER
fixed length control field 00467cam a2200193ua 4500
041 ## - LANGUAGE CODE
Language code of text/sound track or separate title eng
082 ## - DEWEY DECIMAL CLASSIFICATION NUMBER
Classification number 631.587
Item number RAO/IR
100 ## - MAIN ENTRY--AUTHOR NAME
Personal name Rao, Y.p .
245 ## - TITLE STATEMENT
Title Irrigation technology: Theory and practice /
250 ## - EDITION STATEMENT
Edition statement 1 /
260 ## - PUBLICATION, DISTRIBUTION, ETC. (IMPRINT)
Place of publication Udaipur :
Name of publisher ATPA ,
Year of publication 2008.
300 ## - PHYSICAL DESCRIPTION
Number of Pages ;
Accompanying material `.
700 1# - ADDED ENTRY--PERSONAL NAME
Personal name Bhakar, S.R .
942 ## - ADDED ENTRY ELEMENTS (KOHA)
Koha item type Books
Holdings
Withdrawn status Lost status Damaged status Home library Current library Date acquired Full call number Accession Number Koha item type
      KAUAET KAUAET 07/04/2012 631.587 21626 Books
free website counter